Normal view
MARC view
- Supervisor:Dr. Bilal Kadri
Entry Personal Name
001 - CONTROL NUMBER
- control field: 128793
003 - CONTROL NUMBER IDENTIFIER
- control field: NUST
005 - DATE AND TIME OF LATEST TRANSACTION
- control field: 20250423120342.0
008 - FIXED-LENGTH DATA ELEMENTS
- fixed length control field: 250423|| aca||aabn | a|a d
040 ## - CATALOGING SOURCE
- Original cataloging agency: NUST
- Transcribing agency: NUST
100 ## - HEADING--PERSONAL NAME
- Personal name: Supervisor:Dr. Bilal Kadri
670 ## - SOURCE DATA FOUND
- Source citation: Work cat.: (NUST)535390: Aftab, Hussain 29923, Fuzzy Cooperative Control for a Team of Mobile Robots /, 22017
